000 00498nam a22001817a 4500
003 NUST - PNEC
005 20170116180943.0
008 150907b xxu||||| |||| 00| 0 eng d
020 _a0830684271
040 _cLIBRARY
082 _a621.381 DAR
100 _98801
_a Darr, Jack
245 _a New ways to diagnose electronic troubles
_cJack Darr
250 _a1st ed.
260 _cc 1968
650 _98803
_aElectronic apparatus and appliances--Maintenance and repair
_xEL
942 _2ddc
_cBK
999 _c66202
_d66202